| 000 | 01159nji a22002897a 4500 | ||
|---|---|---|---|
| 005 | 20100921155729.0 | ||
| 006 | a|||||r|||||00| 0 | ||
| 007 | sd ammalaaahaa | ||
| 008 | 100830t xxu||||| |||| 00| 0 eng d | ||
| 028 |
_aHFLP.3537 _bHis Master's Voice |
||
| 035 | _aGR-05139 | ||
| 040 |
_aSED _cSED |
||
| 100 |
_917455 _aMohd.Rafi |
||
| 245 |
_aKanya Daan / _csung by Mohd.Rafi...[et.al]; music by Shanker Jaikishan; lyric by Neeraj _h[sound recording] : |
||
| 246 | _aकन्या दान / मोहद.रफ़ी द्वारा | ||
| 260 |
_aDum Dum, India _bHis Master's Voice _c1968 |
||
| 300 |
_a1 sound disc [Gramophone Recording]: _banalog, 33 1/3 rpm _c12.5 in. (LP) _fGramophone Record |
||
| 500 | _aBrief Record | ||
| 500 | _aRecord labels : His Master's Voice, Red | ||
| 505 | _aSide-1 Likhe jo khat tujhe (Mohd.Rafi) -- Side-2 Parai hun parai hun (Lata Mangeshkar) | ||
| 600 |
_aMohd.Rafi _921030 |
||
| 650 |
_aFilm songs _zIndia _91186 _xExcerpts |
||
| 700 |
_aShanker Jaikishan _921035 |
||
| 700 |
_aNeeraj _921036 |
||
| 942 |
_2ddc _cGR |
||
| 999 |
_c47362 _d47362 |
||